| 000 | 00370 a2200145 4500 | ||
|---|---|---|---|
| 005 | 20250530124036.0 | ||
| 020 | _a9966-28-407-9 | ||
| 082 | _a657.42 SAL | ||
| 100 | _aSALEEMI, N. A. | ||
| 245 | _aCost Accounting Simplified | ||
| 250 | _a4t Ed. | ||
| 260 |
_aKampala, _bSaleemi publication, _c2005. |
||
| 300 |
_a445p.:figures & table _c21cm. |
||
| 942 |
_2ddc _cBKS |
||
| 999 |
_c2888 _d2888 |
||